| 000 | 00364 a2200145 4500 | ||
|---|---|---|---|
| 001 | 48455 | ||
| 020 | _a9788581841267 | ||
| 040 | _cAnchieta - Bela Vista | ||
| 100 | _aFrança, Mary | ||
| 240 | 1 | 0 |
_aDudu cara de feliz, Dudu cara de triste _lpor |
| 245 | 1 | 0 | _aDudu cara de feliz, Dudu cara de triste |
| 362 | 0 | _a2017 | |
| 650 | 4 | _aLiteratura infantil | |
| 942 | _cBK | ||
| 999 |
_c48455 _d48455 |
||